Teorija obščestvennogo vybora v aspekte formirovanija konkurentnoj politiki

Analýza rôznych etáp formovania konkurenčnej politiky z aspektu teórie spoločenského výberu. Protimonopolná regulácia na príklade krajín Európskej únie, najmä Maďarska a Slovenska.

Gespeichert in:
Bibliographische Detailangaben
1. Verfasser: Čaplánová, Anetta, 1967-
Weitere Verfasser: Szakadát, László
Format: Buchkapitel
Sprache:Russisch
Schlagworte:
Tags: Tag hinzufügen
Keine Tags, Fügen Sie das erste Tag hinzu!

MARC

LEADER 00000naa a2200000 4500
001 0151062
005 20240502083345.2
041 0 |a rus 
044 |a RU 
245 1 0 |a Teorija obščestvennogo vybora v aspekte formirovanija konkurentnoj politiki  |c Anetta Čaplánová, László Szakadát 
500 |a V článku je uvedené priezvisko prvej autorky ako Kaplanova 
520 |a Analýza rôznych etáp formovania konkurenčnej politiky z aspektu teórie spoločenského výberu. Protimonopolná regulácia na príklade krajín Európskej únie, najmä Maďarska a Slovenska. 
610 2 0 |a konkurencia 
610 2 0 |a trh 
610 2 0 |a monopoly 
610 2 0 |a trusty 
610 2 0 |a Európska únia 
610 2 0 |a Maďarsko 
610 2 0 |a Slovensko 
100 1 |a Čaplánová, Anetta, 1967- 
700 1 |a Szakadát, László